Children in time and place : developmental and historical insights

Saved in:
Bibliographic Details
Other Authors: Elder, Glen H. (Editor), Modell, John (Editor), Parke, Ross D. (Editor)
Format: Book
Language:English
Published: Cambridge : Cambridge University Press, 1992
Series:Cambridge studies in social and emotional development
Subjects:
Tags: Add Tag
No Tags, Be the first to tag this record!

MARC

LEADER 00000nam a2200000 i 4500
001 1/72775
008 970820s1992 eng d
020 |a 0-521-41784-8 
035 |a 1993  |b 3  |c Πολεμικός  |l 10031336 
040 |a GR-MY-UA  |b gre  |e aacr 
041 0 |a eng 
082 0 |a 305.230973 
245 1 0 |a Children in time and place :  |b developmental and historical insights /  |c edited by Glen H. Elder, John Modell, Ross D. Parke 
260 |a Cambridge :   |b Cambridge University Press,   |c 1992 
300 |a 289 p. 
490 1 |a Cambridge studies in social and emotional development 
650 0 0 |a Children  |z United States  |x Social Conditions. 
650 0 0 |a Children  |z United States  |x History  |y 20th century. 
650 0 0 |a Child development  |z United States  |x History  |y 20th century. 
700 1 |a Elder, Glen H.  |4 edt 
700 1 |a Modell, John.  |4 edt 
700 1 |a Parke, Ross D.  |4 edt 
830 0 |a Cambridge studies in social and emotional development 
852 |a INST  |b RHODES  |e 19970820  |h 305.230973 CHI  |p 005400010123  |q 005400010123  |t BK  |y 0 
909 |a Ρ  |b 032732  |c 1993